000 00365nam a2200145Ia 4500
008 240624s9999 xx 000 0 und d
041 _aeng
082 _a658.421 COR
100 _aCORBETT C ANDREW
245 _aENTREPRENEURIAL ACTION ADVANCES IN ENTRE
260 _c2012
_aUnited Kingdom
_bEmerald
300 _a306p. ;23cm.
365 _cBPS
_b33
440 _v14
999 _c32619
_d32619